000 00618nam a2200253Ia 4500
005 20260121160802.0
008 008 260114s9999 xx 000 0 eng d
020 _a9780429493577
037 _aEBOOK
040 _aCRL
040 _beng
040 _cCRL
041 _2eng
041 _aeng
084 _qCRL
100 _a Robert M. Buffington
_91036298
245 0 _aKeen's Latin American Civilization, Volume 2
260 _bTaylor and Francis
260 _c2016
856 _uhttp://www.taylorfrancis.com/books/9780429493577
942 _cEBOOK
999 _c1603114
_d1603114